000
00247nam a2200097Ia 4500
001
1102294
005
20250827003318.0
008
250824s9999 xx 000 0 und d
245
0
_a
BANA İKİMİZİ ANLAT
_c
AHMET BATMAN
260
_b
DESTEK YAYINLARI
999
_c
1102294
_d
1102294